=LDR 00000nam 2200000 4500 =001 INLIS000000000036426 =005 20130612142220 =008 ***********************************Ind** =035 ##$$0010-061300000036426 =041 ##$$a Ind =082 ##$$a 923.3 =090 ##$$a v, Tan w =100 ##$$a Tanaka, Ken =245 ##$$a World's four great investors, Ken Tanaka ; alih bahasa, Yenny Hendrawati =260 ##$$a 2010 $b Jakarta =300 ##$$a 195 hlm, ilus, 21 cm =650 ##$$a Biografi ahli-ahli ekonomi =700 ##$$a Henokawati, Yenny =850 ##$$a NBPNMAT =990 ##$$a 0001/BPAP-NTB/20142014 =990 ##$$a 0001/BPAP-NTB/2016